Departments of the Two Sicilies on a Map - Statistics

General Stats
  • This quiz has been taken 124 times
  • The average score is 10 of 22
Answers on the Map
Answers color-coded by a green-red scale on the quiz's map according to % correct below.
 
Answer Stats
Location Provincia % Correct
Peninsula Naples
98%
Island Palermo
94%
Island Noto
79%
Peninsula Terra di Bari
76%
Island Messina
75%
Island Catania
69%
Peninsula Calabria Citra
58%
Peninsula Calabria Ultra I
58%
Peninsula Calabria Ultra II
58%
Island Trapani
47%
Peninsula Basilicata
46%
Peninsula Abruzzo Citra
40%
Peninsula Abruzzo Ultra I
40%
Peninsula Abruzzo Ultra II
40%
Peninsula Molise
39%
Island Caltanissetta
35%
Island Girgenti
20%
Peninsula Terra d'Otranto
15%
Peninsula Terra di Lavoro
14%
Peninsula Capitanata
13%
Peninsula Principato Citra
11%
Peninsula Principato Ultra
11%
No matching quizzes found
Score Distribution
Percent of People with Each Score
Percentile by Number Answered
Your Score History
You have not taken this quiz